Maličké miminko : praktický průvodce pro rodiče předčasně narozených dětí /

Hlavní autor: Janáčková, Laura, 1966-
Další autoři: Kantor, Lumír, 1962-, Čuma, Aleš, 1967-
Jazyk: Čeština
Vydáno: V Brně : Grifart, [2015]
Vydání: První vydání
Témata:
Fyzický popis: 215 stran : barevné ilustrace ; 21 cm
Knihy
Uloženo v:
LEADER 01995nam a2200529 i 4500
001 nkc20152755078
003 CZ PrNK
005 20160108151152.0
007 ta
008 151126s2015 xr a e f 000 0 cze
015 |a cnb002755078 
020 |a 978-80-906185-2-7  |q (vázáno) 
035 |a (OCoLC)939572112 
040 |a BOA001  |b cze  |d OLA001  |e rda 
072 7 |a 613  |x Hygiena. Lidské zdraví  |2 Konspekt  |9 14 
080 |a 612.648-053.32  |2 MRF 
080 |a 612.63  |2 MRF 
080 |a 618.39  |2 MRF 
080 |a 613.952/.953  |2 MRF 
080 |a (035)  |2 MRF 
100 1 |a Janáčková, Laura,  |d 1966-  |7 mzk2007390650  |4 aut 
245 1 0 |a Maličké miminko :  |b praktický průvodce pro rodiče předčasně narozených dětí /  |c Laura Janáčková, Lumír Kantor ; ilustrace: Aleš Čuma 
246 3 0 |a Praktický průvodce pro rodiče předčasně narozených dětí 
250 |a První vydání 
264 1 |a V Brně :  |b Grifart,  |c [2015] 
300 |a 215 stran :  |b barevné ilustrace ;  |c 21 cm 
336 |a text  |b txt  |2 rdacontent 
337 |a bez média  |b n  |2 rdamedia 
338 |a svazek  |b nc  |2 rdacarrier 
650 0 7 |a nedonošené děti  |7 ph123191  |2 czenas 
650 0 7 |a těhotenství  |7 ph126830  |2 czenas 
650 0 7 |a předčasný porod  |7 ph292623  |2 czenas 
650 0 7 |a raná péče o dítě  |7 ph135011  |2 czenas 
650 0 9 |a premature babies  |2 eczenas 
650 0 9 |a pregnancy  |2 eczenas 
650 0 9 |a premature labor  |2 eczenas 
650 0 9 |a early child care  |2 eczenas 
655 7 |a příručky  |7 fd133209  |2 czenas 
655 9 |a handbooks and manuals  |2 eczenas 
700 1 |a Kantor, Lumír,  |d 1962-  |7 xx0032780  |4 aut 
700 1 |a Čuma, Aleš,  |d 1967-  |7 jn19981002679  |4 ill 
910 2 |a BOA001  |b 2-1357.470 
990 |a BK 
995 |a 01 
991 |b 201512  |c NOV 
996 6 |b 2610652015  |c 2-1357.470  |l MZK  |r Sklad / do 1 hodiny  |n 1  |p p.v.  |w 001534268  |u 000010  |a 1  |e BOA001  |j MZK50  |s P 
996 7 |b 2610652016  |c 2-1357.470  |l MZK  |r Sklad / do 1 hodiny  |n 8  |p p.v.  |w 001534268  |u 000020  |a 1  |e BOA001  |j MZK50  |s A